000 00774nam a22002417a 4500
999 _c16577
_d16577
003 AR-CdUCM
008 190503b ||||| |||| 00| 0 spa d
040 _aMUNICIPALIDAD PROVINCIAL DEL CUSCO
_cBIBLIOTECA MUNICIPAL DEL CUSCO
041 _hfr
082 _22ed.
_a848.9 /
_bB33
100 _aBeauvoir, Simone de
_936089
245 _aLa mujer rota :
_bLa edad de la discreción monólogo /
260 _aBuenos Aires :
_bSudamericana,
_c1968.
300 _a236 paginas ;
_bilustraciones, graficos, dibujos,
_c19 cm.
500 _aHistoria y literatura
650 _aHistoria
_9246
650 _aLiteratura
_983
650 _aMujer
_9143
700 _aSierra, Dolores
_936090
700 _aSánchez, Néstor
_936091
942 _2ddc
_cLIBROS
945 _apjha
_d2019-05-03